000 00572nam a2200217Ia 4500
003 OSt
005 20220714091739.0
008 210210b2014 xxu||||| |||| 00| 0 eng d
020 _a9781259026843
040 _cAL
041 _aeng
082 _a658.054 BHAE
100 _aBHASKER (Bharat)
_948925
245 _aElectronic commerce: framework, technologies and applications
250 _a4
260 _aNew Delhi
_bMcGraw Hill Education (India) Private Limited
_c2014
300 _axix,519
690 _aE-Commerce
_948926
906 _a069248
942 _2ddc
_cBK
999 _c153347
_d153347